LIBRARY & INFORMATION CENTRE, KCAET, TAVANUR

ONLINE PUBLIC ACCESS CATALOGUE (OPAC)

Hygiene, Infectious Diseases and Dieteties / (Record no. 755)

MARC details
000 -LEADER
fixed length control field 00414cam a2200169ua 4500
003 - CONTROL NUMBER IDENTIFIER
control field OSt
008 - FIXED-LENGTH DATA ELEMENTS--GENERAL INFORMATION
fixed length control field 250415b |||||||| |||| 00| 0 eng d
041 ## - LANGUAGE CODE
Language code of text/sound track or separate title eng
082 ## - DEWEY DECIMAL CLASSIFICATION NUMBER
Classification number 613
Item number GEF/HY
100 ## - MAIN ENTRY--AUTHOR NAME
Personal name Geffen , Dennis.H .
245 ## - TITLE STATEMENT
Title Hygiene, Infectious Diseases and Dieteties /
250 ## - EDITION STATEMENT
Edition statement 1 /
260 ## - PUBLICATION, DISTRIBUTION, ETC. (IMPRINT)
Place of publication :
Name of publisher Longman ,
Year of publication 1952.
300 ## - PHYSICAL DESCRIPTION
Number of Pages 276 ; .
700 1# - ADDED ENTRY--PERSONAL NAME
Personal name Tracy, Susan .
942 ## - ADDED ENTRY ELEMENTS (KOHA)
Koha item type Books
Holdings
Withdrawn status Lost status Damaged status Home library Current library Date acquired Full call number Accession Number Koha item type
      KAUAET KAUAET 07/04/2012 613 GEF/HY 3572 Books
free website counter